[Event "Badische ch (juniors) (under 15)"]
[Site "masterchessopen.com Karlsruhe (Germany)"]
[Round "4"]
[White "Florea Dan (GER)"]
[Black "Schmenger Felix (GER)"]
[Result "1-0"]
[WhiteElo "2304"]
[BlackElo "2282"]

1.d4 Nf6 2.c4 g6 3.Nc3 d5 4.Bf4 Bg7 5.e3 c5 6.Nf3 cxd4 7.Nxd4 O-O 8.Ndb5 Nh5
9.Bxb8 Rxb8 10.Qxd5 Qa5 11.Nd4 Qb6 12.Nb3 Rd8 13.Qa5 Qxa5 14.Nxa5 Bf5 15.Be2
Bd3 16.Bxd3 Rxd3 17.Ke2 Rxc3 18.bxc3 Bxc3 19.Rab1 Bxa5 20.Rb5 b6 21.Rhb1 Rc8
22.c5 Rxc5 23.Rxc5 bxc5 24.Rb5 Bb4 25.Rb7 a5 26.Rxe7 Kg7 27.g3 Kf6 28.Rd7 Ke6
29.Rd1 Nf6 30.Rd8 Nd5 31.Kd3 Nb6 32.Rb8 Nd7 33.Re8+ Kd6 34.f4 Nb6 35.Rd8+ Kc6
36.e4 c4+ 37.Kc2 c3 38.g4 Nc4 39.Rc8+ Kb5 40.a4+ Kxa4 41.Rxc4 Kb5 42.Rc7 a4
43.Rxf7 a3 44.Kb3 Kc5 45.Rd7 Kc6 46.Rd3 {#r} 1-0

[Event "It (open)"]
[Site "masterchessopen.com Katowice (Poland)"]
[Round "0"]
[White "Kharkova Elena (RUS)"]
[Black "Zezulkin Jurij (BLR)"]
[Result "1-0"]
[WhiteElo "2285"]
[BlackElo "2450"]

1.d4 Nf6 2.c4 g6 3.Nc3 d5 4.Bf4 Bg7 5.e3 c5 6.dxc5 Qa5 7.Rc1 dxc4 8.Bxc4 O-O
9.Ne2 Nc6 10.Qb3 Ne4 11.O-O Nd2 12.Qb5 Nxf1 13.Kxf1 Qxb5 14.Bxb5 Be6 15.Bg5 f6
16.Bf4 Rfd8 17.e4 a6 18.Ba4 Nb4 19.Be3 Nxa2 20.Nxa2 Bxa2 21.Nc3 Bc4+ 22.Ke1 e6
23.f4 f5 24.e5 g5 25.Ne4 Rd3 26.Bd2 fxe4 27.Rxc4 Rad8 28.Bc3 Re3+ 29.Kf2 gxf4
30.Bc2 Rxc3 31.Rxc3 Bxe5 32.Rc4 Rd2+ 33.Ke1 e3 34.b4 Rxg2 35.Be4 Rxh2 36.Bxb7
Rf2 37.c6 Bc7 38.Re4 e5 39.Bxa6 Ra2 40.Bc4+ Kg7 41.Bxa2 Kf6 42.Rc4 f3 43.Rc3
Bb6 44.c7 Bxc7 45.Rxc7 Kf5 46.Rf7+ {#r} 1-0

[Event "Olympiad"]
[Site "masterchessopen.com Manila (Philippines)"]
[Round "0"]
[White "Battsengel S"]
[Black "Peptan Corina-Isabela (ROM)"]
[Result "0-1"]
[WhiteElo "2000"]
[BlackElo "2421"]

1.d4 Nf6 2.c4 g6 3.Nc3 d5 4.Bf4 Bg7 5.e3 c5 6.Bxb8 Rxb8 7.Qa4+ Bd7 8.Qxa7 cxd4
9.Qxd4 dxc4 10.Bxc4 O-O 11.Nge2 b5 12.Bb3 b4 13.Na4 Qa5 14.Nc5 Bb5 15.Qe5 Bxe2
16.Bxf7+ Kh8 17.Qxe7 Rxf7 18.Qxf7 Qxc5 19.Kxe2 Qc2+ 20.Kf1 Ne4 21.Rd1 Rf8 {#R}
0-1

[Event "It (open) \"]
[Site "masterchessopen.com Pardubice (Czech Republic)"]
[Round "0"]
[White "Fokin Sergey (RUS)"]
[Black "Krupkova Petra (CZE)"]
[Result "1-0"]
[WhiteElo "2163"]
[BlackElo "2270"]

1.d4 Nf6 2.c4 g6 3.Nc3 d5 4.Bf4 Bg7 5.e3 c5 6.dxc5 Qa5 7.Rc1 dxc4 8.Bxc4 Qxc5
9.Nb5 Qb4+ 10.Kf1 O-O 11.a3 Qa5 12.b4 Qa6 13.Qb3 Ne4 14.Nf3 Bg4 15.Nc7 Bxf3
16.Ke1 Qf6 17.gxf3 e5 18.fxe4 exf4 19.Nxa8 fxe3 20.Qxe3 Qb2 21.Nc7 Nc6 22.Nd5
Bd4 23.Qd2 Qxa3 24.Be2 Bb2 25.Rb1 Bg7 26.Rg1 Qh3 27.Qe3 Qxh2 28.Qg3 Qh6 29.Rd1
Re8 30.f3 {#r} 1-0

[Event "Ch Russia (team)"]
[Site "masterchessopen.com Podolsk (Russia)"]
[Round "0"]
[White "Piskov Yury (RUS)"]
[Black "Dvoirys Semen I (RUS)"]
[Result "0-1"]
[WhiteElo "2500"]
[BlackElo "2515"]

1.d4 Nf6 2.c4 g6 3.Nc3 d5 4.Bf4 Bg7 5.e3 c5 6.dxc5 Qa5 7.Rc1 dxc4 8.Bxc4 O-O
9.Ne2 Qxc5 10.Qb3 Nc6 11.Nb5 Qh5 12.Ng3 Qh4 13.Nc7 e5 14.Bh6 Bxh6 15.Nxa8 Ng4
16.Nc7 Nd4 17.Qa3 Nf5 18.Nd5 Ngxe3 19.Nxe3 Bxe3 20.Bxf7+ Kxf7 21.Qb3+ Kf6
22.fxe3 Nxg3 23.Rc4 Qh5 24.Qd3 Be6 25.Rg1 Bxc4 26.Qxc4 Qxh2 {#R} 0-1

[Event "Ch Europe (juniors)"]
[Site "masterchessopen.com Sas Van Gent (Netherlands)"]
[Round "0"]
[White "Rogozenko Dorian (ROM)"]
[Black "Berndt Stephan (GER)"]
[Result "1-0"]
[WhiteElo "2405"]
[BlackElo "2441"]

1.d4 Nf6 2.c4 g6 3.Nc3 d5 4.Bf4 Bg7 5.e3 c5 6.dxc5 Qa5 7.Rc1 Ne4 8.cxd5 Nxc3
9.Qd2 Qxa2 10.bxc3 Qxd2+ 11.Kxd2 Nd7 12.Bb5 O-O 13.Bxd7 Bxd7 14.e4 f5 15.e5
Rac8 16.c4 Rxc5 17.Be3 Ra5 18.f4 e6 19.d6 g5 20.Nf3 gxf4 21.Bxf4 Rc8 22.Kd3
Ra3+ 23.Rc3 Ra2 24.Nd4 Rxg2 25.Rb1 b6 26.c5 bxc5 27.Rb7 Rd8 28.Rxc5 Rg4 29.Ke3
Bf8 30.Rcc7 Rg7 31.Bh6 f4+ 32.Bxf4 {#r} 1-0

[Event "It (open)"]
[Site "masterchessopen.com Aggtelek (Hungary)"]
[Round "5"]
[White "Kiss Pal (HUN)"]
[Black "Karacsony Attila (HUN)"]
[Result "1-0"]
[WhiteElo "2362"]
[BlackElo "2314"]

1.d4 Nf6 2.c4 g6 3.Nc3 d5 4.Bf4 Bg7 5.e3 c5 6.dxc5 Qa5 7.Rc1 Ne4 8.cxd5 Nxc3
9.Qd2 Qxa2 10.bxc3 Qxd2+ 11.Kxd2 Nd7 12.Bb5 O-O 13.Bxd7 Bxd7 14.e4 f5 15.e5
Rac8 16.c4 Rxc5 17.Be3 Rc7 18.f4 b6 19.Nf3 Rfc8 20.Kd3 Ba4 21.Nd4 Bd7 22.g3
Bh8 23.Nb3 Ba4 24.Nd4 Bd7 25.Ra1 Rxc4 26.Rxa7 R4c7 27.Rha1 Bg7 28.Rxc7 Rxc7
29.e6 Bc8 30.Ra8 Bxd4 31.Bxd4 b5 32.Rb8 h6 33.Ke3 g5 34.fxg5 hxg5 35.Bf6 Kh7
36.Rxc8 Rxc8 37.Bxe7 Kg6 38.d6 f4+ 39.gxf4 Kf5 40.d7 gxf4+ 41.Kd3 Rg8 42.d8=Q
Rxd8+ 43.Bxd8 Kxe6 44.Ke4 b4 45.Ba5 b3 46.Bc3 f3 {#r} 1-0

[Event "Ch Berlin (juniors) (under 15)"]
[Site "masterchessopen.com Berlin (Germany)"]
[Round "0"]
[White "Schwarz Stefan (GER)"]
[Black "Klee Mario (GER)"]
[Result "0-1"]
[WhiteElo "1854"]
[BlackElo "2173"]

1.d4 Nf6 2.c4 g6 3.Nc3 d5 4.Bf4 Bg7 5.e3 c5 6.dxc5 Qa5 7.cxd5 Nxd5 8.Qa4+ Qxa4
9.Nxa4 Bd7 10.Bxb8 Rxb8 11.Bc4 Nxe3 12.fxe3 Bxa4 13.Bd5 O-O 14.Rb1 Rfd8 15.Be4
Bh6 16.b3 Bb5 17.a4 Bd3 18.Bxd3 Rxd3 19.Nf3 Rbd8 20.b4 Rxe3+ 21.Kf2 Red3
22.Rhe1 e6 23.Re2 Ra3 24.a5 Bg7 25.Rc2 Rc8 26.Rd2 h6 27.Rd7 Ra2+ 28.Kf1 Rb8
29.Nd2 Kf8 30.Nc4 Ke8 31.Rc7 Bf8 32.Ne5 Rd8 33.Rxb7 Rdd2 34.Rxf7 Rd5 35.c6 Bd6
36.c7 Rc2 37.b5 Bxc7 38.Rg7 Rxe5 39.b6 axb6 40.axb6 Rf5+ 41.Ke1 Bxh2 42.b7 Bb8
43.Rxg6 Kf7 44.Rxh6 Rxg2 45.Rb6 Bg3+ {#R} 0-1

[Event "It (open)"]
[Site "masterchessopen.com Bratislava (Slovakia)"]
[Round "5"]
[White "Likavsky Tomas (SVK)"]
[Black "Berza Stefan (SVK)"]
[Result "1-0"]
[WhiteElo "2486"]
[BlackElo "2092"]

1.d4 Nf6 2.c4 g6 3.Nc3 d5 4.Bf4 Bg7 5.e3 c5 6.dxc5 Qa5 7.Qb3 O-O 8.Qb5 Qxb5
9.cxb5 Nbd7 10.c6 bxc6 11.bxc6 Nc5 12.Rc1 Bf5 13.Nf3 Nd3+ 14.Bxd3 Bxd3 15.Ne5
Ba6 16.f3 e6 17.g4 Rac8 18.b4 Bc4 19.b5 Rfd8 20.Nxc4 dxc4 21.e4 Rd3 22.Ke2
Nxg4 23.fxg4 Bxc3 24.Rhd1 Ba5 25.Rxd3 cxd3+ 26.Kxd3 Kf8 27.Kc4 Bc7 28.Bxc7
Rxc7 29.Kc5 Ke7 30.a4 {#r} 1-0

[Event "It (open)"]
[Site "masterchessopen.com Bruchkoebel (Germany)"]
[Round "0"]
[White "Schwarz Peter (GER)"]
[Black "Chandler Patrick (GER)"]
[Result "1-0"]
[WhiteElo "2290"]
[BlackElo "2171"]

1.d4 Nf6 2.c4 g6 3.Nc3 d5 4.Bf4 Bg7 5.e3 c5 6.dxc5 Qa5 7.Qa4+ Qxa4 8.Nxa4 Nc6
9.Rd1 dxc4 10.Bxc4 Bf5 11.Rc1 Nb4 12.a3 Nd3+ 13.Bxd3 Bxd3 14.Be5 O-O 15.Ne2
Rac8 16.b4 Rfd8 17.Nd4 Rd5 18.f4 Rxe5 19.fxe5 Ng4 20.Nb2 Nxe5 21.h3 Bh6 22.Kf2
Be4 23.Nf3 Nd7 24.Rhd1 Nf6 25.Rd4 Bc6 26.Nc4 Ne4+ 27.Ke1 Ng3 28.Rcd1 Nf5
29.Rd8+ Rxd8 30.Rxd8+ Kg7 31.Kf2 Bb5 32.Nfd2 f6 33.e4 {#r} 1-0

[Event "It (open)"]
[Site "masterchessopen.com Copenhagen (Denmark)"]
[Round "4"]
[White "Kaunas Kestutis (LTU)"]
[Black "Rytshagov Mikhail (EST)"]
[Result "0-1"]
[WhiteElo "2254"]
[BlackElo "2464"]

1.d4 Nf6 2.c4 g6 3.Nc3 d5 4.Bf4 Bg7 5.e3 c5 6.dxc5 Qa5 7.Qa4+ Qxa4 8.Nxa4 O-O
9.Nf3 Bd7 10.Nc3 dxc4 11.Bxc4 Rc8 12.Ne5 Be8 13.Rd1 Nc6 14.Nd3 Nh5 15.Bb5 Nxf4
16.Nxf4 Bxc3+ 17.bxc3 Kf8 18.Rb1 Rab8 19.Nd3 a6 20.Bc4 Na5 21.Bd5 Rd8 22.Nb4
Rbc8 23.c6 bxc6 24.Bf3 c5 25.Nxa6 Rd6 26.Nb8 Nc4 27.Be2 Nd2 28.Rb7 Ne4 29.O-O
Nxc3 30.Bc4 Ne4 31.Bb5 Bxb5 32.Rxb5 c4 33.f3 Nc3 34.Rb7 Ke8 35.a3 Nd1 36.Na6
c3 37.Nc7+ Kd8 38.Nb5 c2 39.Nxd6 exd6 {#R} 0-1

[Event "Oberliga Mittelrhein 1993/94"]
[Site "masterchessopen.com Germany"]
[Round "0"]
[White "Roeder Mathias (GER)"]
[Black "Koopmann Rolf Dr (GER)"]
[Result "1-0"]
[WhiteElo "2405"]
[BlackElo "2234"]

1.d4 Nf6 2.c4 g6 3.Nc3 d5 4.Bf4 Bg7 5.e3 c5 6.dxc5 Qa5 7.Rc1 Ne4 8.Ne2 dxc4
9.Qa4+ Qxa4 10.Nxa4 e5 11.Rxc4 f5 12.Bg3 Be6 13.Rb4 Nd7 14.Rxb7 Bd5 15.Rb5 Bc6
16.Nec3 Nxg3 17.hxg3 Ke7 18.Ra5 h5 19.f3 f4 20.b4 Bxa4 21.Rxa4 Nf6 22.Ba6 fxe3
23.Bb7 Rad8 24.Rxa7 Rd2 25.Bd5+ Kf8 26.Rf7+ Ke8 27.Rxg7 Nxd5 28.Nxd5 Rxa2
29.Nxe3 {#r} 1-0

[Event "Ch Hungary (team) 1992/93"]
[Site "masterchessopen.com Hungary"]
[Round "0"]
[White "Kiss Pal (HUN)"]
[Black "Ruck Robert (HUN)"]
[Result "1-0"]
[WhiteElo "2362"]
[BlackElo "2579"]

1.d4 Nf6 2.c4 g6 3.Nc3 d5 4.Bf4 Bg7 5.e3 c5 6.dxc5 Qa5 7.Rc1 Ne4 8.cxd5 Nxc3
9.Qd2 Qxa2 10.bxc3 Qa5 11.Bc4 Nd7 12.Nf3 Qxc5 13.Ba2 O-O 14.O-O Nf6 15.Be5 b5
16.c4 bxc4 17.Bxc4 Qb6 18.Rb1 Qd8 19.Qd4 a5 20.Rfc1 a4 21.Qa1 Bf5 22.Rb5 Bd7
23.Rb7 Bc8 24.Rb4 Bd7 25.Ba2 Rc8 26.Rxc8 Qxc8 27.h3 Ne8 28.Bxg7 Nxg7 29.e4 Rd8
30.Ne5 Be8 31.Rc4 Qa6 32.Qc3 Nh5 33.Rc7 Qf6 34.g3 Qd6 35.Ng4 f6 36.e5 fxe5
37.Nxe5 Nf6 38.Rxe7 Qxe7 39.d6+ Kf8 40.dxe7+ Kxe7 {#r} 1-0

[Event "It (open)"]
[Site "masterchessopen.com Ljubljana (Slovenia)"]
[Round "0"]
[White "Soln Primoz (SLO)"]
[Black "Skok Joze (SLO)"]
[Result "1-0"]
[WhiteElo "2387"]
[BlackElo "2023"]

1.d4 Nf6 2.c4 g6 3.Nc3 d5 4.Bf4 Bg7 5.e3 c5 6.dxc5 Qa5 7.Rc1 dxc4 8.Bxc4 O-O
9.Ne2 Qxc5 10.Nb5 Qb4+ 11.Kf1 Na6 12.a3 Qa5 13.b4 Qd8 14.Qxd8 Rxd8 15.Nbd4 Nh5
16.Bg5 Kf8 17.f3 h6 18.Bh4 g5 19.g4 gxh4 20.gxh5 Bh3+ 21.Kf2 e5 22.Nb3 Rd6
23.Na5 Rb8 24.e4 Bf6 25.Bd5 Bd8 26.Nc4 Rf6 27.Nc3 b5 28.Nxe5 Bc7 29.Nc6 Bb6+
30.Ke2 Rc8 31.Nxb5 Bg2 32.Ncd4 Rd8 33.Rhd1 h3 34.Rd3 Rd7 35.Rc8+ Kg7 36.Rc6
Nc7 37.Nxc7 Bxd4 38.Ne8+ Kg8 39.Nxf6+ Bxf6 {#r} 1-0

[Event "Ch Nassau Chess Club"]
[Site "masterchessopen.com Long Island (USA)"]
[Round "0"]
[White "Sagalchik Gennadij (USA)"]
[Black "Casella Michael (USA)"]
[Result "1-0"]
[WhiteElo "2442"]
[BlackElo "2268"]

1.d4 Nf6 2.c4 g6 3.Nc3 d5 4.Bf4 Bg7 5.e3 c5 6.dxc5 Qa5 7.Qb3 dxc4 8.Bxc4 O-O
9.Nf3 Qxc5 10.Ne5 e6 11.O-O Nc6 12.Nxc6 bxc6 13.e4 a5 14.Rad1 Qb4 15.Bd6 Qxb3
16.axb3 Re8 17.Ra1 Ba6 18.e5 Ng4 19.Rfe1 Bxc4 20.bxc4 Nh6 21.Bc7 Ra7 22.Bxa5
Rea8 23.b4 Bf8 24.Rab1 Rd7 25.Ne4 Rd4 26.c5 Nf5 27.Rbd1 Rxd1 28.Rxd1 Ne7
29.Rd8 Rxd8 30.Bxd8 Nc8 31.Nd6 {#r} 1-0

[Event "Memorial J.Capablanca (d)"]
[Site "masterchessopen.com Matanzas (Cuba)"]
[Round "12"]
[White "Leitao Rafael (BRA)"]
[Black "Garmendez Florentino (MEX)"]
[Result "1-0"]
[WhiteElo "2360"]
[BlackElo "2295"]

1.d4 Nf6 2.c4 g6 3.Nc3 d5 4.Bf4 Bg7 5.e3 dxc4 6.Bxc4 a6 7.Nf3 b5 8.Bd3 Bb7
9.Qe2 O-O 10.e4 Nbd7 11.O-O c5 12.d5 c4 13.Bc2 Nh5 14.Be3 b4 15.Na4 a5 16.Nd4
Rc8 17.Rfd1 Qe8 18.f4 e5 19.dxe6 fxe6 20.Nb5 Ndf6 21.Nd6 Qc6 22.Nxc8 Rxc8
23.Nb6 Rc7 24.Rd8+ Bf8 25.e5 Nd5 26.Nxd5 exd5 27.f5 d4 28.Bh6 Rc8 29.Rxc8 Bxc8
30.Be4 Qc5 31.Bxf8 Kxf8 32.fxg6 Qxe5 33.Qf2+ Qf6 34.Rf1 Kg7 35.gxh7 {#r} 1-0

[Event "It (open)"]
[Site "masterchessopen.com Szekszard (Hungary)"]
[Round "7"]
[White "Horvath Tamas I (HUN)"]
[Black "Berebora Ferenc (HUN)"]
[Result "0-1"]
[WhiteElo "2318"]
[BlackElo "2425"]

1.d4 Nf6 2.c4 g6 3.Nc3 d5 4.Bf4 Bg7 5.e3 c5 6.dxc5 Qa5 7.Rc1 Ne4 8.cxd5 Nxc3
9.Qd2 Qxa2 10.bxc3 Qa5 11.Bc4 Nd7 12.Ne2 Nxc5 13.O-O O-O 14.Nd4 Bd7 15.Rfd1
Rfc8 16.Ra1 Qd8 17.Qa2 Ne4 18.Ne6 Nxc3 19.Qb3 Qb6 20.Nxg7 Qxb3 21.Bxb3 Nxd1
22.Ne6 fxe6 23.dxe6 Bb5 {#R} 0-1

[Event "It (open) \"]
[Site "masterchessopen.com Berlin (Germany)"]
[Round "0"]
[White "Mikhalevski Alexander (ISR)"]
[Black "Bachmann Andreas (GER)"]
[Result "1-0"]
[WhiteElo "2455"]
[BlackElo "2220"]

1.d4 Nf6 2.c4 g6 3.Nc3 d5 4.Bf4 Bg7 5.e3 c5 6.Nf3 cxd4 7.Nxd4 O-O 8.Ndb5 Na6
9.cxd5 Qa5 10.Bc4 Rd8 11.O-O Bd7 12.d6 e6 13.a3 Ne4 14.Nxe4 Bxb5 15.b4 Qb6
16.Bxb5 Qxb5 17.Bg5 Bxa1 18.Qxa1 f5 19.Bh6 e5 20.Qa2+ Kh8 21.Qe6 Rd7 22.Nf6
Rad8 23.Nxd7 Qxd7 24.Qxe5+ {#r} 1-0

[Event "It (open)"]
[Site "masterchessopen.com Bern (Switzerland)"]
[Round "3"]
[White "Ballon Guenther Jan (NED)"]
[Black "Belaz Christian (SUI)"]
[Result "1-0"]
[WhiteElo "2195"]
[BlackElo "2101"]

1.d4 Nf6 2.c4 g6 3.Nc3 d5 4.Bf4 Bg7 5.e3 c5 6.dxc5 Qa5 7.Qa4+ Qxa4 8.Nxa4 Ne4
9.f3 Bd7 10.fxe4 Bxa4 11.cxd5 Bc2 12.Bb5+ Nd7 13.c6 bxc6 14.dxc6 Nb6 15.c7+
Kf8 16.Bc6 Bxb2 17.Bh6+ Kg8 18.Bxa8 Bxa1 19.Bb7 Bg7 20.Bf4 Bc3+ 21.Kf2 Kg7
22.Nf3 Bb2 23.Re1 Ba4 24.Rb1 Ba3 25.Rxb6 axb6 26.c8=Q Rxc8 27.Bxc8 Bc2 28.Bb7
e6 29.Nd2 b5 30.Ke2 b4 31.Bd6 f5 32.exf5 gxf5 33.Ba6 Kf6 34.Bc4 Ba4 35.Nb1 Bc6
36.Nxa3 bxa3 37.g3 {#r} 1-0

[Event "Ch Germany (juniors) (team)"]
[Site "masterchessopen.com Binz (Germany)"]
[Round "7"]
[White "Hammes Michael (GER)"]
[Black "Brettschneider Stefan (GER)"]
[Result "0-1"]
[WhiteElo "2393"]
[BlackElo "2275"]

1.d4 Nf6 2.c4 g6 3.Nc3 d5 4.Bf4 Bg7 5.e3 c5 6.dxc5 Qa5 7.Qa4+ Qxa4 8.Nxa4 Ne4
9.f3 Bd7 10.fxe4 Bxa4 11.cxd5 Bxb2 12.Rb1 Bc3+ 13.Kf2 Nd7 14.Rc1 Nxc5 15.Rxc3
Nxe4+ 16.Kf3 Nxc3 17.Be5 Bd1+ 18.Ne2 Nxe2 19.Bxh8 Nc3+ 20.Kg3 f6 21.Bg7 Kf7
22.Bh6 Ne4+ 23.Kf4 Nf2 24.Rg1 g5+ {#R} 0-1

[Event "It (a)"]
[Site "masterchessopen.com Budapest (Hungary)"]
[Round "0"]
[White "Hoang Thanh Trang (HUN)"]
[Black "Honfi Karoly (HUN)"]
[Result "1-0"]
[WhiteElo "2285"]
[BlackElo "2380"]

1.d4 Nf6 2.c4 g6 3.Nc3 d5 4.Bf4 Bg7 5.e3 c5 6.dxc5 Qa5 7.Rc1 dxc4 8.Bxc4 Qxc5
9.Qb3 O-O 10.Nge2 Qa5 11.O-O Nc6 12.Rfd1 Qb4 13.Qxb4 Nxb4 14.b3 Bf5 15.Nd4 Bd7
16.h3 Rac8 17.Nf3 Rfd8 18.e4 Nh5 19.Bg5 Kf8 20.Nd5 Nxd5 21.Bxd5 b6 22.Bb7 Rxc1
23.Rxc1 Nf6 24.Bxf6 Bxf6 25.Rc7 Be8 26.e5 Bg7 27.Ba6 e6 28.Kh2 Rd5 29.Rc8 Ra5
30.Bc4 Bxe5+ 31.Nxe5 Rxe5 32.a4 Ke7 33.Rc7+ Kd6 34.Rxa7 Rf5 35.f3 Rh5 36.Rb7
Kc6 37.Re7 {#r} 1-0

[Event "It (cat.2)"]
[Site "masterchessopen.com Budapest (Hungary)"]
[Round "0"]
[White "Hoang Thanh Trang (HUN)"]
[Black "Zigura Oleg (UKR)"]
[Result "1-0"]
[WhiteElo "2285"]
[BlackElo "2315"]

1.d4 Nf6 2.c4 g6 3.Nc3 d5 4.Bf4 Bg7 5.e3 c5 6.dxc5 Qa5 7.Rc1 Be6 8.Qa4+ Qxa4
9.Nxa4 Nc6 10.Nf3 Ne4 11.cxd5 Bxd5 12.Bc4 O-O-O 13.Ke2 h6 14.h4 f5 15.Bxd5
Rxd5 16.Rhd1 Rhd8 17.Rxd5 Rxd5 18.a3 e5 19.Bh2 g5 20.hxg5 hxg5 21.Rc2 Kd7
22.b4 g4 23.Nd2 Nxd2 24.Rxd2 Ke6 25.Nc3 Rxd2+ 26.Kxd2 a6 27.f3 gxf3 28.gxf3
Ne7 29.Kd3 Bh6 30.Bg3 Bg5 31.e4 Bc1 32.a4 Ba3 33.Kc4 Nc6 34.exf5+ Kxf5 35.b5
Nd4 36.bxa6 bxa6 37.Kd5 Bb4 38.Na2 Ba5 39.Bxe5 Nxf3 40.Bc3 Bc7 41.Kc6 Bf4
42.Kb7 Ke6 43.Nb4 Ng5 44.Nxa6 Ne4 45.Bb4 Bd2 46.Bxd2 {#r} 1-0

[Event "It (b)"]
[Site "masterchessopen.com Burgas (Bulgaria)"]
[Round "7"]
[White "Shereshevski Mikhail (BLR)"]
[Black "Donchev Dimitar I (BUL)"]
[Result "1-0"]
[WhiteElo "2470"]
[BlackElo "2485"]

1.d4 Nf6 2.c4 g6 3.Nc3 d5 4.Bf4 Bg7 5.e3 c6 6.h3 O-O 7.Nf3 c5 8.Rc1 cxd4
9.exd4 Nc6 10.c5 Ne4 11.Be2 Nxc3 12.Rxc3 Bf5 13.O-O Be4 14.Ne5 Bxe5 15.Bxe5
Nxe5 16.dxe5 f6 17.exf6 Rxf6 18.f3 Bf5 19.Qb3 Be6 20.Qxb7 Rb8 21.Qxa7 Rxb2
22.Re3 Kf8 23.Rd1 Bf7 24.Rb3 Rxb3 25.axb3 Qc8 26.b4 Qe6 27.Kf1 Qe3 28.Qa8+ Kg7
29.Qa1 e5 30.Qc1 Qb3 31.c6 e4 32.c7 Be6 33.Kg1 exf3 34.Bxf3 Bxh3 35.Bxd5 Qg3
36.Qb2 Bg4 37.Bf3 Bc8 38.Rc1 Kf7 39.Qb3+ Kg7 40.Qb2 Kf7 41.Qd4 g5 42.Rf1 {#r}
1-0

[Event "It (cat.16)"]
[Site "masterchessopen.com Dortmund (Germany)"]
[Round "4"]
[White "Dreev Alexey (RUS)"]
[Black "Leko Peter (HUN)"]
[Result "1-0"]
[WhiteElo "2650"]
[BlackElo "2555"]

1.d4 Nf6 2.c4 g6 3.Nc3 d5 4.Bf4 Bg7 5.e3 c5 6.dxc5 Qa5 7.Qa4+ Qxa4 8.Nxa4 Be6
9.Bxb8 { ! 9. cd - Gavrikov - Panchenko, Lvov 1987 9. ?c1 - Karasev - Odeev,
URS 1991 } ( 9.cxd5 Nxd5 10.Bb5+ Nd7 11.Ne2 a6 12.Bxd7+ Bxd7 13.Nb6 Nxb6
14.cxb6 Bxb2 15.Rb1 Bg7 { = } ) ( 9.Rc1 O-O 10.Nf3 Rc8 11.b4 dxc4 12.Bxc4 Bxc4
13.Rxc4 Nbd7 14.Rc1 Nd5 15.Rd1 ( 15.a3 N7b6 { ! } ) 15...e6 16.Bg3 N7f6 17.b5
Ne4 18.Rc1 Ndc3 { ? } ) 9...Rxb8 10.cxd5 Nxd5 11.Bb5+ Kf8 12.Rc1 a6 13.Bc4 Nb4
14.Bxe6 fxe6 15.Ke2 Nxa2 16.Rc4 { ! } 16...a5 17.Nf3 { ± } 17...Nb4 18.Ng5 e5
19.Nb6 Ke8 20.Ra1 Nc6 21.Rca4 Bf6 22.Ne4 Kf7 23.Nc4 Rhc8 24.Nxa5 b6 25.Nxc6
Rxc6 26.Ra6 Rc7 27.Rxb6 Rxb6 28.cxb6 Rc6 29.Ra6 Rc2+ 30.Kd3 Rxb2 31.b7 h6
32.Nc5 e4+ 33.Kxe4 {#r} 1-0

[Event "Bundesliga (2nd) North 1993/94"]
[Site "masterchessopen.com Germany"]
[Round "0"]
[White "Lagunow Alexander (GER)"]
[Black "Giemsa Stephan (GER)"]
[Result "0-1"]
[WhiteElo "2405"]
[BlackElo "2283"]

1.d4 Nf6 2.c4 g6 3.Nc3 d5 4.Bf4 Bg7 5.e3 c5 6.dxc5 Qa5 7.Rc1 dxc4 8.Bxc4 Qxc5
9.Qb3 O-O 10.Nb5 Be6 11.Nc7 Qa5+ 12.Qc3 Qxc3+ 13.bxc3 Bxc4 14.Nxa8 Ne4 15.Nf3
Nc6 16.Nc7 e5 17.Bg3 Rc8 18.Nd5 Bxd5 19.c4 Nb4 20.O-O Nd3 21.Rb1 Bxc4 22.Rxb7
Ndc5 23.Rxa7 Bxf1 24.Kxf1 f6 25.Ne1 Rb8 26.f3 Nxg3+ 27.hxg3 Bf8 28.e4 Rb2
29.g4 Rd2 30.Ra8 Kf7 31.g5 fxg5 32.a4 Ra2 33.a5 h5 34.Kg1 g4 35.g3 Bd6 36.fxg4
hxg4 37.Ng2 Nxe4 38.a6 Bc5+ 39.Kh2 Ng5 {#R} 0-1

[Event "It (open)"]
[Site "masterchessopen.com Muenster (Germany)"]
[Round "8"]
[White "Ruzele Darius (LTU)"]
[Black "Thiel Thomas (GER)"]
[Result "1-0"]
[WhiteElo "2495"]
[BlackElo "2320"]

1.d4 Nf6 2.c4 g6 3.Nc3 d5 4.Bf4 Bg7 5.e3 c5 6.dxc5 Qa5 7.Qb3 Ne4 8.Qb5+ Qxb5
9.Nxb5 Na6 10.cxd5 Bxb2 11.Rb1 Bg7 12.c6 O-O 13.f3 Nc3 14.Nxc3 Bxc3+ 15.Kf2
bxc6 16.dxc6 Rd8 17.Bc4 e5 18.Ne2 Rd6 19.Bg3 Ba5 20.Bxe5 Rxc6 21.Bd5 Rc5
22.Bxa8 Rxe5 23.Rhd1 Be6 24.a3 Bc4 25.Rdc1 Be6 26.f4 Rh5 27.Bf3 {#r} 1-0

[Event "It (open)"]
[Site "masterchessopen.com Passau (Germany)"]
[Round "0"]
[White "Farago Ivan (HUN)"]
[Black "Ftacnik Lubomir (SVK)"]
[Result "0-1"]
[WhiteElo "2510"]
[BlackElo "2570"]

1.d4 Nf6 2.c4 g6 3.Nc3 d5 4.Bf4 Bg7 5.e3 c5 6.dxc5 Qa5 7.cxd5 Nxd5 8.Qxd5
Bxc3+ 9.bxc3 Qxc3+ 10.Ke2 Qxa1 11.Be5 Qb1 12.Bxh8 Be6 13.Qd3 Qxa2+ 14.Kf3 f6
15.Kg3 Kf7 16.Nf3 Nd7 17.Qc3 Qd5 18.h4 Nxc5 19.Ng5+ Qxg5+ 20.hxg5 Ne4+ 21.Kf4
Nxc3 22.Rxh7+ Kg8 23.Rh6 Rf8 24.Bd3 a5 25.Bxg6 a4 26.Bd3 a3 27.gxf6 exf6
28.Rh1 a2 29.Bh7+ Kf7 {#R} 0-1

[Event "It"]
[Site "masterchessopen.com Richmond (England)"]
[Round "7"]
[White "Dinstuhl Volkmar (GER)"]
[Black "Hinks-Edwards Thom (ENG)"]
[Result "1-0"]
[WhiteElo "2335"]
[BlackElo "2391"]

1.d4 Nf6 2.c4 g6 3.Nc3 d5 4.Bf4 Bg7 5.e3 c5 6.dxc5 Qa5 7.Rc1 Ne4 8.Ne2 dxc4
9.Qa4+ Qxa4 10.Nxa4 Bd7 11.Nec3 Nxc3 12.Nxc3 Na6 13.Bxc4 Nxc5 14.O-O O-O
15.Nd5 Bxb2 16.Nxe7+ Kh8 17.Rc2 Bg7 18.Bd5 Ne6 19.Bxb7 Ba4 20.Bxa8 Bxc2 21.Rc1
Bd3 22.Bd5 Nxf4 23.exf4 Bf6 24.Nc6 Re8 25.Bxf7 Re2 26.Ne5 Ba6 27.h3 Bd8 28.Rc6
Bb6 29.Ng4 h5 30.Ne3 Kg7 31.Bb3 Bd3 32.Re6 Bd4 33.f5 Bxe3 34.f6+ Kf8 35.Rxe3
Rxe3 36.fxe3 Be4 37.g3 g5 38.h4 g4 39.Kf2 Ke8 40.Ke2 Bg6 41.Kd2 Kd7 42.Kc3
{#r} 1-0

[Event "Ch World (juniors) (under 16)"]
[Site "masterchessopen.com Szeged (Hungary)"]
[Round "0"]
[White "Belmonte Diego Mariano (ARG)"]
[Black "Salmensuu Olli (FIN)"]
[Result "1-0"]
[WhiteElo "2209"]
[BlackElo "2395"]

1.d4 Nf6 2.c4 g6 3.Nc3 d5 4.Bf4 Bg7 5.e3 c5 6.dxc5 Qa5 7.Rc1 Ne4 8.cxd5 Nxc3
9.Qd2 Qxa2 10.bxc3 Qxd2+ 11.Kxd2 Nd7 12.Bb5 O-O 13.Bxd7 Bxd7 14.Rb1 e5 15.Bg3
Bf5 16.Rb4 a5 17.Ra4 Bd7 18.Ra1 Rfc8 19.e4 Rxc5 20.Ne2 f5 21.f3 Bh6+ 22.Kc2
fxe4 23.fxe4 Rc4 24.Rae1 Rxe4 25.Nc1 Bf5 26.Nd3 Rd8 27.Bxe5 Re8 28.Rxe4 Bxe4
29.Bd4 Bxg2 30.Ra1 Bxd5 31.Rxa5 Re2+ 32.Kd1 Bf3 33.Ra8+ Kf7 34.Rh8 Bg7 35.Ne1
Bg4 36.h3 Bxh8 37.hxg4 Rxe1+ 38.Kxe1 Bxd4 39.cxd4 Ke6 40.Kd2 Kd5 {#r} 1-0

[Event "It (open)"]
[Site "masterchessopen.com Vienna (Austria)"]
[Round "7"]
[White "Moser Guenter (AUT)"]
[Black "Schmied Andreas (GER)"]
[Result "1-0"]
[WhiteElo "2343"]
[BlackElo "2067"]

1.d4 Nf6 2.c4 g6 3.Nc3 d5 4.Bf4 Bg7 5.e3 c5 6.dxc5 Qa5 7.Rc1 Ne4 8.cxd5 Nxc3
9.Qd2 Qxa2 10.bxc3 Qxd2+ 11.Kxd2 Nd7 12.Bc4 Nxc5 13.f3 O-O 14.e4 Bd7 15.Ne2
Rfc8 16.Ba2 e6 17.g4 exd5 18.exd5 Bb5 19.c4 Ba6 20.Nc3 Nd7 21.Ne4 Ne5 22.Bxe5
Bxe5 23.Ke3 b6 24.f4 Bg7 25.Kf3 Bd4 26.h4 Rd8 27.h5 Bc8 28.Rcd1 Bh8 29.hxg6
hxg6 30.Rh2 Bxg4+ 31.Kxg4 f5+ 32.Kg5 fxe4 33.c5 Kg7 34.Rdh1 {#r} 1-0